| 000 | | | 04142nmc2a22002653x 450 |
| 001 | | | 1c834edf-eded-426c-bb5f-4208a2163d41 |
| 005 | | | 20260210015740.0 |
| 100 | ## | $a | 20250909l18501859k l0rusy0189 ca |
| 101 | 0# | $a | rus |
| 102 | ## | $a | RU |
| 105 | ## | $a | y### |
| 122 | 2# | $a | d |
| 200 | 1# | $a | Дело по ревизии отчетности Строительного комитета, высочайше учрежденного для постройки погоревших зданий Казанского университета и Второй Казанской гимназии, с 1842 года по 1848 год включительно |
| | $j | [1850-1859] гг. |
| 215 | ## | $a | 95 л. |
| | $d | 36,5х26 см |
| 251 | ## | $c | Дело |
| 300 | ## | $a | [Приложение №4] |
| 300 | ## | $a | Ориг. заголовок дела: Общий отчет. О приходе, расходе и остатке суммы, отпущенной на возведение здания для магнитных наблюдений при Казанском университете. [1850 г. - 1859 г] |
| 371 | ## | $a | Документ не является опубликованным и широко распространяемым |
| 461 | #0 | $1 | 001a74412a3-3cc5-4d21-8f0a-dfe2fbd9e72d |
| | $1 | 2001 |
| | $a | Департамент народного просвещения Министерства народного просвещения (1803-1917) |
| | $1 | 251 |
| | $c | Фонд |
| | $1 | 852 |
| | $j | 733 |
| 462 | #0 | $1 | 001a6622fb3-31f3-4f49-aac3-243f6793e8d6 |
| | $1 | 2001 |
| | $a | Дела Департамента народного просвещения за 1818-1862 годы |
| | $1 | 251 |
| | $c | Опись |
| | $1 | 852 |
| | $j | 113 |
| 517 | 1# | $a | Общий отчет. О приходе, расходе и остатке суммы, отпущенной на возведение здания для магнитных наблюдений при Казанском университете. [1850 г. - 1859 г] |
| 801 | #0 | $a | RU |
| | $b | РГИА |
| | $c | 20250909 |
| | $g | RCR |
| 801 | #1 | $a | RU |
| | $b | ГлавНИВЦ |
| | $c | 20250909 |
| | $2 | rusmarc |
| 801 | #2 | $a | RU |
| | $b | ПБ им. Б.Н. Ельцина |
| | $c | 20260210 |
| | $g | RCR |
| | $2 | rusmarc |
| 850 | ## | $a | РГИА |
| 852 | ## | $a | РГИА |
| | $e | Федеральное казенное учреждение "Российский государственный исторический архив" (РГИА) |
| | $j | 175 |
| 937 | ## | $h | РГИА |
| | $d | 12095099 |
| | $a | ASBIBLIO_SCAN |
| 035 | ## | $a | RusGRCC00089135 |
| 856 | ## | $u | http://readingroom.main.prlib.ru/item.aspx?id_node=n200405260&mode=full |